000
00254nam a22001097a 4500
008
170126b xxu||||| |||| 00| 0 eng d
020
_a
9781437718737
041
_a
eng
080
_a
61
245
_a
CLINICS IN SPORT MEDICINE
_c
MILLER, M.D
942
_2
udc
_c
BK
999
_c
3701
_d
3701